00334nam a2200145Ia 4500100002000000650001300020250000600033366000700039654001300046245004800059260003300107082001700140300000800157546002300165 aDeb/S.R/ Deb/S  aRobotics a2 f25 arobotics aRobotics technology and flexible automation bTata Mc Graw hill Ltd.c2010 a629.892bDEB a552 aENGLISHcInfo.Tech